[Event "5. Bamberg Open B"]
[Site "Bamberg"]
[Date "2023.07.27"]
[Round "2"]
[Board "12"]
[White "Riesterer, Michael"]
[Black "Bandau, Frank"]
[Result "0-1"]
[WhiteElo "1549"]
[BlackElo "1750"]
[PlyCount "51"]
[EventDate "2023.07.26"]
[EventRounds "7"]
[EventCountry "GER"]

1. d4 f5 2. Bf4 d6 3. e3 Nf6 4. h3 g6 5. Be2 Bg7 6. c3 O-O 7. h4 h6 8. Qc2 Qe8 9.
Qb3+ Kh8 10. Nf3 Nbd7 11. d5 Nc5 12. Qd1 b5 13. Nd4 a6 14. h5 Nxd5 15. Bxh6 Bxh6
16. hxg6 Kg7 17. b4 Ne4 18. Nxb5 a5 19. Qxd5 c6 20. Qd1 Qxg6 21. Bf3 Qf6 22. Qc2
d5 23. Nd2 Ra7 24. Nb1 Ra6 25. O-O Be6 26. N1a3  0-1

[Event "5. Bamberg Open B"]
[Site "Bamberg"]
[Date "2023.07.27"]
[Round "2"]
[Board "13"]
[White "Fridlin, Daniel"]
[Black "Baldszuhn, Christian"]
[Result "1/2-1/2"]
[WhiteElo "1487"]
[BlackElo "1502"]
[PlyCount "60"]
[EventDate "2023.07.26"]
[EventRounds "7"]
[EventCountry "GER"]

1. e4 c5 2. Nf3 d6 3. d4 cxd4 4. Nxd4 Nf6 5. Nc3 a6 6. Be2 e6 7. Be3 Be7 8. Qd2 b5
9. a3 Bb7 10. f3 Qc7 11. Nb3 Nbd7 12. Bd3 Ne5 13. O-O Rc8 14. Qf2 Nfd7 15. Qg3 Nf6
16. Nd4 Ba8 17. h3 Nc4 18. Bxc4 Qxc4 19. Rad1 O-O 20. Bh6 g6 21. Bxf8 Bxf8 22. Nb3
Qc7 23. Rfe1 Nh5 24. Qf2 Nf4 25. Qe3 d5 26. exd5 Bxd5 27. Nxd5 Nxd5 28. Qd4 Bd6 29.
Kh1 Bg3 30. Re2 Nf6  1/2-1/2

[Event "5. Bamberg Open B"]
[Site "Bamberg"]
[Date "2023.07.27"]
[Round "2"]
[Board "14"]
[White "Perrin, Brent"]
[Black "Kroener, Marco Alexander"]
[Result "1-0"]
[WhiteElo "1748"]
[BlackElo "1535"]
[PlyCount "43"]
[EventDate "2023.07.26"]
[EventRounds "7"]
[EventCountry "GER"]

1. e4 e5 2. Nf3 Nf6 3. d3 Nc6 4. g3 d5 5. exd5 Nxd5 6. Bg2 Bg4 7. c3 Qd7 8. O-O O-O-O
9. b4 Nxc3 10. Nxc3 Bxb4 11. Qb3 Be6 12. Qc2 Qxd3 13. Qxd3 Rxd3 14. Na4 Rhd8 15.
Be3 b6 16. Nb2 R3d6 17. Ng5 Nd4 18. Nxe6 Nxe6 19. Nc4 R6d7 20. Nxe5 Bc3 21. Nxd7
Bxa1 22. Nxb6+  1-0

[Event "5. Bamberg Open B"]
[Site "Bamberg"]
[Date "2023.07.27"]
[Round "2"]
[Board "15"]
[White "Schulze, Tim"]
[Black "Wagner, Alexander"]
[Result "0-1"]
[WhiteElo "1695"]
[BlackElo "1492"]
[PlyCount "116"]
[EventDate "2023.07.26"]
[EventRounds "7"]
[EventCountry "GER"]

1. e4 e5 2. Nf3 Nc6 3. Bb5 a6 4. Ba4 Nf6 5. d3 b5 6. Bb3 Be7 7. a4 Rb8 8. axb5 axb5
9. Nc3 d6 10. Nd5 Nxd5 11. Bxd5 Nb4 12. Bb3 c5 13. c3 Nc6 14. Bd5 Bd7 15. O-O O-O
16. Re1 Bf6 17. Bd2 Ne7 18. Bb3 Ra8 19. Qe2 Ra5 20. Rxa5 Qxa5 21. d4 c4 22. dxe5
dxe5 23. Bc2 h6 24. Qd1 Bg4 25. h3 Bxf3 26. Qxf3 Kh7 27. b3 Qa2 28. Qd1 Rd8 29. bxc4
Bg5 30. Re2 bxc4 31. Qc1 Rxd2 32. Rxd2 Nc6 33. h4 Bf4 34. g3 Bxd2 35. Qxd2 Qb2 36.
Qd7 Qxc2 37. Qf5+ Kg8 38. Qc8+ Nd8 39. Qxd8+ Kh7 40. Qd5 Qxc3 41. Qxf7 Qe1+ 42. Kh2
Qxe4 43. Qc7 Qd4 44. Kg1 c3 45. Qc8 Qd3 46. Kg2 c2 47. Kh2 Qe4 48. Qc3 Qe2 49. Qc5
Kg6 50. Qc6+ Kf5 51. Qd7+ Ke4 52. Qc6+ Kd3 53. Qb5+ Kd2 54. Qb4+ Kd1 55. Qd4+ Ke1
56. Qa1+ Kxf2 57. Qa7+ Kf3+ 58. Kh3 Qg2#  0-1

[Event "5. Bamberg Open B"]
[Site "Bamberg"]
[Date "2023.07.27"]
[Round "3"]
[Board "1"]
[White "Mattgey, Werner"]
[Black "Grining, Maria"]
[Result "0-1"]
[WhiteElo "1716"]
[BlackElo "1753"]
[PlyCount "84"]
[EventDate "2023.07.26"]
[EventRounds "7"]
[EventCountry "GER"]

1. e4 d6 2. d4 Nf6 3. Nc3 e5 4. dxe5 dxe5 5. Qxd8+ Kxd8 6. Bg5 Be6 7. O-O-O+ Nbd7
8. Nf3 Bd6 9. Nb5 Ke7 10. Nxd6 cxd6 11. Nh4 h6 12. Bxf6+ Nxf6 13. Nf5+ Bxf5 14. exf5
Ne4 15. Rd5 Nxf2 16. Rg1 Ng4 17. Rd3 Rhd8 18. Be2 Nf6 19. Rg3 Kf8 20. Rb3 b6 21.
Ba6 d5 22. Re1 e4 23. Rbe3 Rd6 24. Rd1 Rad8 25. Rd4 Ng4 26. Rh3 Ne5 27. Re3 Nc6 28.
Ra4 Ne7 29. g4 h5 30. h3 hxg4 31. hxg4 g6 32. fxg6 Rxg6 33. Be2 a5 34. Rd4 Nc6 35.
Rd1 Re6 36. Bb5 Na7 37. Bc4 Re5 38. Bd3 Ke7 39. Rde1 Re6 40. Bf1 b5 41. Bh3 Nc6 42.
Kd2 Ne5  0-1

[Event "5. Bamberg Open B"]
[Site "Bamberg"]
[Date "2023.07.27"]
[Round "3"]
[Board "2"]
[White "Billerbeck, Nick"]
[Black "Martin Fernandez, Rafael"]
[Result "1-0"]
[WhiteElo "1643"]
[BlackElo "1643"]
[PlyCount "39"]
[EventDate "2023.07.26"]
[EventRounds "7"]
[EventCountry "GER"]

1. e4 c5 2. Nc3 Nc6 3. f4 g6 4. Nf3 Bg7 5. Bb5 e6 6. Bxc6 bxc6 7. e5 Ne7 8. Ne4 O-O
9. Nxc5 d6 10. Ne4 dxe5 11. fxe5 Qd5 12. d3 Bxe5 13. c4 Qa5+ 14. Bd2 Qc7 15. Nxe5
Qxe5 16. Bc3 Qf5 17. Rf1 Qxf1+ 18. Kxf1 f6 19. Kg1 e5 20. Bb4  1-0

[Event "5. Bamberg Open B"]
[Site "Bamberg"]
[Date "2023.07.27"]
[Round "3"]
[Board "3"]
[White "Timm, Jasper"]
[Black "Hotman, Cagan Arhan"]
[Result "1/2-1/2"]
[WhiteElo "1701"]
[BlackElo "1587"]
[PlyCount "141"]
[EventDate "2023.07.26"]
[EventRounds "7"]
[EventCountry "GER"]

1. Nf3 d5 2. d4 Nf6 3. g3 c5 4. Bg2 Nc6 5. O-O Bf5 6. c4 g6 7. cxd5 Nxd5 8. Nc3 e6
9. Nxd5 exd5 10. Bg5 Be7 11. Bxe7 Qxe7 12. dxc5 Qxc5 13. Rc1 Qd6 14. Qb3 Qd7 15.
Rfd1 Be6 16. Nd4 O-O 17. Qc3 Rac8 18. Nxc6 Rxc6 19. Qd4 Rfc8 20. Rxc6 bxc6 21. Qc5
Qb7 22. Rd2 Qb6 23. Rc2 Bf5 24. Qxb6 axb6 25. Rc3 Be4 26. f3 d4 27. Rc4 Bd5 28. Rxd4
Bxa2 29. Kf2 c5 30. Rd6 b5 31. Bh3 Rc7 32. e4 Kf8 33. Ke3 Ke7 34. e5 b4 35. Rb6 Bd5
36. f4 Ra7 37. Rb5 Rc7 38. Bg4 h5 39. Bf3 Bxf3 40. Kxf3 Kd7 41. Ke4 Kc6 42. Rb8 Rd7
43. Rc8+ Kb6 44. b3 Rd2 45. Rf8 Rd7 46. e6 fxe6 47. Rf6 Rd6 48. Rxg6 c4 49. bxc4
b3 50. Rg8 Kc5 51. Rc8+ Kb4 52. c5 Rd2 53. c6 b2 54. Rb8+ Ka3 55. Ke5 Rc2 56. Kd6
Ka2 57. c7 b1=Q 58. Rxb1 Kxb1 59. Kd7 Rd2+ 60. Kxe6 Rc2 61. Kf5 Rxc7 62. Kg6 Kc2
63. f5 Kd3 64. f6 Ke4 65. f7 Rc8 66. Kg7 Kf3 67. f8=Q+ Rxf8 68. Kxf8 Kg2 69. Kg7
Kxh2 70. Kh6 Kxg3 71. Kxh5  1/2-1/2

[Event "5. Bamberg Open B"]
[Site "Bamberg"]
[Date "2023.07.27"]
[Round "3"]
[Board "4"]
[White "Alferova, Emily"]
[Black "Heiler, Karl"]
[Result "1/2-1/2"]
[WhiteElo "1545"]
[BlackElo "1797"]
[PlyCount "37"]
[EventDate "2023.07.26"]
[EventRounds "7"]
[EventCountry "GER"]

1. d4 d6 2. Nf3 Nf6 3. Nbd2 Nbd7 4. e4 e5 5. dxe5 dxe5 6. Bd3 Bd6 7. c3 Nc5 8. Bc2
O-O 9. O-O Bg4 10. h3 Bh5 11. Qe2 Re8 12. Rd1 Qe7 13. Nc4 Rad8 14. Bg5 Ne6 15. Nxd6
Rxd6 16. Bxf6 Rxd1+ 17. Bxd1 Qxf6 18. Qb5 Rd8 19. Qxb7  1/2-1/2

[Event "5. Bamberg Open B"]
[Site "Bamberg"]
[Date "2023.07.27"]
[Round "3"]
[Board "5"]
[White "Vorsilka, Jiri"]
[Black "Thurn, Stephan"]
[Result "0-1"]
[WhiteElo "1556"]
[BlackElo "1539"]
[PlyCount "50"]
[EventDate "2023.07.26"]
[EventRounds "7"]
[EventCountry "GER"]

1. c4 Nf6 2. Nc3 e6 3. e4 d5 4. e5 d4 5. exf6 dxc3 6. bxc3 Qxf6 7. d4 c5 8. Nf3 cxd4
9. cxd4 Bb4+ 10. Bd2 Bxd2+ 11. Qxd2 O-O 12. Bd3 Nc6 13. O-O b6 14. Be4 Bb7 15. Bxc6
Bxc6 16. Ne5 Bb7 17. f4 Rfd8 18. Rad1 Rac8 19. Qc2 Qe7 20. f5 f6 21. fxe6 Qxe6 22.
Nf3 Rxc4 23. Qb3 Bd5 24. Rde1 Qd7 25. Qd3 Ra4  0-1

[Event "5. Bamberg Open B"]
[Site "Bamberg"]
[Date "2023.07.27"]
[Round "3"]
[Board "6"]
[White "Bandau, Frank"]
[Black "Zaid, Shannak"]
[Result "0-1"]
[WhiteElo "1750"]
[BlackElo "1433"]
[PlyCount "74"]
[EventDate "2023.07.26"]
[EventRounds "7"]
[EventCountry "GER"]

1. e4 c5 2. d3 g6 3. f4 Bg7 4. Nf3 Nc6 5. Be2 e6 6. O-O Nge7 7. c3 O-O 8. Qe1 d5
9. e5 b5 10. Kh1 Rb8 11. g4 d4 12. Nbd2 Nd5 13. Ne4 f6 14. Nxc5 fxe5 15. Ng5 Nxf4
16. Bxf4 Rxf4 17. Ngxe6 Bxe6 18. Nxe6 Rxf1+ 19. Bxf1 Qd5+ 20. Bg2 Qxe6 21. Qe4 Rc8
22. a4 bxa4 23. c4 Qd7 24. Rxa4 Ne7 25. Rb4 Qc7 26. Rb7 Qa5 27. h3 Qa1+ 28. Kh2 Re8
29. c5 Qc1 30. c6 Bh6 31. h4 Bf4+ 32. Kh3 Qg1 33. Qxf4 exf4 34. c7 Qe3+ 35. Kh2 Qg3+
36. Kg1 f3 37. c8=Q Qxg2#  0-1

[Event "5. Bamberg Open B"]
[Site "Bamberg"]
[Date "2023.07.27"]
[Round "3"]
[Board "7"]
[White "Wagner, Alexander"]
[Black "Perrin, Brent"]
[Result "0-1"]
[WhiteElo "1492"]
[BlackElo "1748"]
[PlyCount "86"]
[EventDate "2023.07.26"]
[EventRounds "7"]
[EventCountry "GER"]

1. Nf3 f5 2. d3 Nf6 3. e4 fxe4 4. dxe4 Nxe4 5. Bd3 Nf6 6. Ng5 e6 7. Nxh7 Qe7 8. Bg6+
Kd8 9. Ng5 Rh4 10. g3 Ra4 11. Nf7+ Ke8 12. Nc3 Ra6 13. Nb5 d5 14. Bf4 Rc6 15. Ne5+
Kd8 16. Nxc6+ Nxc6 17. O-O e5 18. Bg5 Bh3 19. Re1 Qc5 20. Nc3 Be6 21. Qf3 Be7 22.
Rad1 Bg4 23. Rxd5+ Qxd5 24. Qxg4 Nxg4 25. Bxe7+ Nxe7 26. Nxd5 Nxg6 27. Rd1 Kc8 28.
h4 c6 29. Nc3 Kc7 30. f3 Ne3 31. Rd2 Re8 32. h5 Ne7 33. Re2 N7d5 34. Kf2 Nxc3 35.
bxc3 Nd1+ 36. Ke1 Nxc3 37. Re3 Nxa2 38. f4 Nb4 39. Rxe5 Rxe5+ 40. fxe5 Kd7 41. Kd2
Ke6 42. Kc3 Kxe5 43. Kxb4 Kf5  0-1

[Event "5. Bamberg Open B"]
[Site "Bamberg"]
[Date "2023.07.27"]
[Round "3"]
[Board "9"]
[White "Kotitschke, Karlheinz"]
[Black "Valean, David-Andrei"]
[Result "1/2-1/2"]
[WhiteElo "1856"]
[BlackElo "1648"]
[PlyCount "61"]
[EventDate "2023.07.26"]
[EventRounds "7"]
[EventCountry "GER"]

1. e3 e5 2. d4 exd4 3. exd4 d5 4. Bd3 Nc6 5. Ne2 Nf6 6. Nbc3 Bg4 7. f3 Bh5 8. Bg5
Be7 9. Qd2 Qd7 10. a3 Bg6 11. b4 a6 12. b5 axb5 13. Bxb5 Rxa3 14. O-O O-O 15. Rxa3
Bxa3 16. g4 Bb4 17. Rb1 Bxc3 18. Nxc3 Nxg4 19. Bxc6 bxc6 20. fxg4 Qxg4+ 21. Kf2 Bxc2
22. Rg1 Qf5+ 23. Qf4 Rb8 24. Re1 f6 25. Qxf5 Bxf5 26. Be3 Rb2+ 27. Re2 Rb4 28. Ra2
Rb7 29. h4 Kf7 30. Ra6 Bd7 31. h5  1/2-1/2

[Event "5. Bamberg Open B"]
[Site "Bamberg"]
[Date "2023.07.27"]
[Round "3"]
[Board "10"]
[White "Delikatnyi, Denys"]
[Black "Reitz, Helmut"]
[Result "1-0"]
[WhiteElo "1614"]
[BlackElo "1684"]
[PlyCount "23"]
[EventDate "2023.07.26"]
[EventRounds "7"]
[EventCountry "GER"]

1. e4 e5 2. Nc3 Nf6 3. f4 d5 4. fxe5 Nxe4 5. d3 Qh4+ 6. g3 Nxg3 7. Nf3 Qh5 8. Nxd5
Na6 9. Nf4 Qh6 10. Ne2 Qxc1 11. Qxc1 Nxh1 12. Bg2  1-0

[Event "5. Bamberg Open B"]
[Site "Bamberg"]
[Date "2023.07.27"]
[Round "3"]
[Board "11"]
[White "Buettner, Anton"]
[Black "Averkova, Olena"]
[Result "1/2-1/2"]
[WhiteElo "1424"]
[BlackElo "1743"]
[PlyCount "83"]
[EventDate "2023.07.26"]
[EventRounds "7"]
[EventCountry "GER"]

1. e4 d5 2. exd5 Qxd5 3. Nc3 Qa5 4. d4 Nf6 5. Bd2 c6 6. Nf3 Bg4 7. Bc4 e6 8. Bb3
Qc7 9. h3 Bh5 10. Qe2 Nbd7 11. O-O-O O-O-O 12. g4 Bg6 13. Nh4 Nb6 14. Nxg6 hxg6 15.
Kb1 Rxd4 16. Be3 Rxd1+ 17. Rxd1 Bb4 18. Bxb6 Qxb6 19. Ne4 Rd8 20. Rxd8+ Qxd8 21.
Nxf6 gxf6 22. c3 Bc5 23. h4 Bf8 24. f4 g5 25. fxg5 fxg5 26. h5 Qd6 27. Qg2 Qf4 28.
Qe2 Kd7 29. Qd3+ Bd6 30. Bd1 f5 31. Qh3 fxg4 32. Qxg4 Qxg4 33. Bxg4 Bf8 34. Kc2 Kd6
35. Kd3 Ke5 36. Ke3 Kd6 37. Ke4 c5 38. a3 Bg7 39. b4 cxb4 40. cxb4 Ke7 41. b5 Kf6
42. a4  1/2-1/2

[Event "5. Bamberg Open B"]
[Site "Bamberg"]
[Date "2023.07.27"]
[Round "3"]
[Board "12"]
[White "Faisst, Reinhold"]
[Black "Murawski, Pawel"]
[Result "1-0"]
[WhiteElo "1747"]
[BlackElo "1499"]
[PlyCount "99"]
[EventDate "2023.07.26"]
[EventRounds "7"]
[EventCountry "GER"]

1. d4 Nf6 2. Bg5 d5 3. Nf3 e6 4. e3 h6 5. Bh4 Be7 6. c4 b6 7. Nc3 Bb7 8. Be2 Nbd7
9. O-O O-O 10. Rc1 c5 11. Bg3 cxd4 12. Nxd4 Nc5 13. cxd5 Nxd5 14. a3 Nxc3 15. Rxc3
Ne4 16. Rc1 Nxg3 17. hxg3 Bf6 18. Qa4 Bxd4 19. Rfd1 Rc8 20. Rxc8 Qxc8 21. Qxd4 Qc2
22. Qd2 Rc8 23. Qd8+ Rxd8 24. Rxd8+ Kh7 25. Bd3+ Qxd3 26. Rxd3 Bd5 27. e4 Bxe4 28.
Rd7 Kg6 29. Rxa7 b5 30. f3 Bd3 31. Kf2 e5 32. Ke3 Bc4 33. Rb7 Kf6 34. Ke4 Ke6 35.
Rb6+ Kd7 36. Kxe5 Kc7 37. Ra6 Kb7 38. Rd6 Kc7 39. Rd2 Kc6 40. Kd4 Be6 41. Rc2+ Kb6
42. b4 g6 43. Ke5 Bc4 44. g4 Kb7 45. g3 Kb6 46. Rh2 Kc6 47. Rxh6 Be2 48. Rh7 Bxf3
49. Rxf7 Bxg4 50. Rf6+  1-0

[Event "5. Bamberg Open B"]
[Site "Bamberg"]
[Date "2023.07.27"]
[Round "3"]
[Board "13"]
[White "Baldszuhn, Christian"]
[Black "Kovalskyy, Alicia"]
[Result "0-1"]
[WhiteElo "1502"]
[BlackElo "1480"]
[PlyCount "55"]
[EventDate "2023.07.26"]
[EventRounds "7"]
[EventCountry "GER"]

1. e4 e5 2. d4 exd4 3. Nf3 Nc6 4. Bc4 Nf6 5. e5 d5 6. Bb5 Ne4 7. Nxd4 Bd7 8. Bxc6
bxc6 9. O-O Be7 10. f3 Nc5 11. Nd2 O-O 12. f4 f6 13. N2f3 Ne6 14. Nb3 fxe5 15. Nxe5
Bd6 16. Nxd7 Qxd7 17. f5 Nc5 18. Nd4 Ne4 19. Ne6 Rf7 20. Kh1 Qe7 21. Qg4 Qxe6 22.
Be3 Qe5 23. Qh3 Qxb2 24. Rad1 Bc5 25. Bxc5 Nxc5 26. c3 Ne4 27. Qe3 Qxc3 28. Rd3  0-1

[Event "5. Bamberg Open B"]
[Site "Bamberg"]
[Date "2023.07.27"]
[Round "3"]
[Board "14"]
[White "May, Alexander"]
[Black "Fridlin, Daniel"]
[Result "1-0"]
[WhiteElo "1670"]
[BlackElo "1487"]
[PlyCount "55"]
[EventDate "2023.07.26"]
[EventRounds "7"]
[EventCountry "GER"]

1. d4 Nf6 2. Bg5 g6 3. Bxf6 exf6 4. Nf3 Bg7 5. Nbd2 O-O 6. e3 d6 7. Be2 f5 8. c3
c5 9. O-O Qb6 10. Nc4 Qc7 11. a4 b6 12. Qc2 Bb7 13. Ncd2 Nc6 14. Rac1 Rac8 15. Qb3
Qe7 16. Rfe1 Na5 17. Qa2 Qd7 18. Bb5 Qd8 19. Rcd1 a6 20. Bf1 Qf6 21. Qb1 Rfe8 22.
b4 cxb4 23. cxb4 Nc6 24. b5 axb5 25. Qxb5 f4 26. Qxb6 fxe3 27. Qxb7 Nxd4 28. Rxe3
 1-0

[Event "5. Bamberg Open B"]
[Site "Bamberg"]
[Date "2023.07.28"]
[Round "4"]
[Board "1"]
[White "Grining, Maria"]
[Black "Perrin, Brent"]
[Result "0-1"]
[WhiteElo "1753"]
[BlackElo "1748"]
[PlyCount "56"]
[EventDate "2023.07.26"]
[EventRounds "7"]
[EventCountry "GER"]

1. d4 e6 2. e4 d5 3. exd5 exd5 4. c4 Bb4+ 5. Nc3 Ne7 6. Bd3 O-O 7. Nf3 c6 8. O-O
dxc4 9. Bxc4 Bg4 10. Be3 Nd7 11. h3 Bh5 12. g4 Bg6 13. Ne5 Nb6 14. Bb3 Ned5 15. Bd2
Qh4 16. Kh2 Bd6 17. f4 h5 18. Nxg6 fxg6 19. Ne4 Bc7 20. Ng5 Qxg5 21. Kh1 Bxf4 22.
Rxf4 Rxf4 23. gxh5 Raf8 24. Qe2 Qxh5 25. Qe6+ Kh8 26. Bxf4 Qf3+ 27. Kg1 Nxf4 28.
Qg4 Nxh3+  0-1

[Event "5. Bamberg Open B"]
[Site "Bamberg"]
[Date "2023.07.28"]
[Round "4"]
[Board "2"]
[White "Thurn, Stephan"]
[Black "Billerbeck, Nick"]
[Result "0-1"]
[WhiteElo "1539"]
[BlackElo "1643"]
[PlyCount "32"]
[EventDate "2023.07.26"]
[EventRounds "7"]
[EventCountry "GER"]

1. d4 d5 2. c4 c6 3. Nf3 Nf6 4. Nc3 dxc4 5. a4 Bf5 6. e3 e6 7. Bxc4 Bb4 8. O-O O-O
9. Qb3 c5 10. Rd1 Nc6 11. dxc5 Qe7 12. Nd4 Qxc5 13. Nxc6 bxc6 14. Bd3 Rab8 15. e4
Bxc3 16. Be3 Bd4  0-1

[Event "5. Bamberg Open B"]
[Site "Bamberg"]
[Date "2023.07.28"]
[Round "4"]
[Board "3"]
[White "Zaid, Shannak"]
[Black "Timm, Jasper"]
[Result "0-1"]
[WhiteElo "1433"]
[BlackElo "1701"]
[PlyCount "124"]
[EventDate "2023.07.26"]
[EventRounds "7"]
[EventCountry "GER"]

1. d4 Nf6 2. c4 e6 3. g3 d5 4. Bg2 Be7 5. Nf3 O-O 6. Nc3 dxc4 7. Ne5 c5 8. e3 Qc7
9. O-O Rd8 10. Nb5 Qb6 11. a4 cxd4 12. Nxc4 Qc5 13. Qb3 Nc6 14. Bd2 e5 15. Nc7 Rb8
16. Rac1 e4 17. Na3 Qd6 18. Ncb5 Be6 19. Qc2 d3 20. Qd1 Qd7 21. Nb1 a6 22. N5c3 Bf5
23. f3 exf3 24. Qxf3 Bg6 25. Na3 Ne5 26. Qf4 Qe6 27. h3 Nh5 28. Qf2 Bxa3 29. bxa3
Nc4 30. g4 Nxd2 31. gxh5 Nxf1 32. hxg6 Qxe3 33. gxf7+ Kf8 34. Rxf1 Qxf2+ 35. Rxf2
Rbc8 36. Nd1 b5 37. Bb7 Rc2 38. Bxa6 d2 39. Bxb5 Rc5 40. Kf1 Re5 41. Re2 Rf5+ 42.
Rf2 Re5 43. Re2 Rf5+ 44. Rf2 Rc5 45. Rf3 Re5 46. Be2 Rd6 47. Kf2 Rde6 48. Bc4 Rc6
49. Bb3 Re1 50. Rd3 Rf6+ 51. Rf3 Rd6 52. Re3 Rf6+ 53. Rf3 Rf1+ 54. Kxf1 Rxf3+ 55.
Ke2 Rxb3 56. Kxd2 Rxa3 57. Nc3 Kxf7 58. Kc2 Ra1 59. Kb2 Re1 60. Kb3 Ke6 61. Kb4 Kd6
62. Kb5 Kc7  0-1

[Event "5. Bamberg Open B"]
[Site "Bamberg"]
[Date "2023.07.28"]
[Round "4"]
[Board "4"]
[White "Hotman, Cagan Arhan"]
[Black "Delikatnyi, Denys"]
[Result "1-0"]
[WhiteElo "1587"]
[BlackElo "1614"]
[PlyCount "73"]
[EventDate "2023.07.26"]
[EventRounds "7"]
[EventCountry "GER"]

1. e4 c5 2. Nf3 Nc6 3. d4 cxd4 4. Nxd4 Nf6 5. Nc3 e6 6. Bg5 Be7 7. f4 h6 8. Bxf6
Bxf6 9. Ndb5 O-O 10. Qd2 d5 11. O-O-O a6 12. exd5 exd5 13. Na3 Bg4 14. Be2 Bxe2 15.
Nxe2 Qb6 16. c3 Rfd8 17. Nc2 Rac8 18. Kb1 Na5 19. Ncd4 Nc4 20. Qc1 Qc5 21. g4 Bxd4
22. Nxd4 b5 23. g5 h5 24. g6 Qe7 25. Rde1 Qf6 26. gxf7+ Qxf7 27. Rhg1 Re8 28. Rxe8+
Rxe8 29. f5 Ne3 30. Re1 Ng4 31. Rxe8+ Qxe8 32. Ne6 Qb8 33. Qg5 Qe5 34. Qd8+ Kh7 35.
Ng5+ Kh6 36. Nf7+ Kh7 37. Qh8#  1-0

[Event "5. Bamberg Open B"]
[Site "Bamberg"]
[Date "2023.07.28"]
[Round "4"]
[Board "5"]
[White "Heiler, Karl"]
[Black "Ronsin, Corentin"]
[Result "1/2-1/2"]
[WhiteElo "1797"]
[BlackElo "1562"]
[PlyCount "31"]
[EventDate "2023.07.26"]
[EventRounds "7"]
[EventCountry "GER"]

1. e4 c5 2. Nf3 e6 3. d3 Nc6 4. g3 d5 5. Nbd2 Bd6 6. Bg2 Nf6 7. O-O O-O 8. Re1 Qc7
9. Qe2 Nd7 10. b3 d4 11. Nc4 f6 12. e5 Ndxe5 13. Nfxe5 fxe5 14. Bxc6 Qxc6 15. Nxd6
Qxd6 16. Qxe5  1/2-1/2

[Event "5. Bamberg Open B"]
[Site "Bamberg"]
[Date "2023.07.28"]
[Round "4"]
[Board "6"]
[White "Eis, Cedric"]
[Black "Faisst, Reinhold"]
[Result "1-0"]
[WhiteElo "1389"]
[BlackElo "1747"]
[PlyCount "57"]
[EventDate "2023.07.26"]
[EventRounds "7"]
[EventCountry "GER"]

1. e4 e6 2. d4 d5 3. Nc3 Bb4 4. e5 Ne7 5. a3 Bxc3+ 6. bxc3 c5 7. Qg4 Qc7 8. Bd2 cxd4
9. Qxg7 Rg8 10. Qxh7 Qxe5+ 11. Ne2 Rh8 12. Qd3 Rxh2 13. Bf4 Qxf4 14. Nxf4 Rxh1 15.
Nh3 dxc3 16. g4 Nbc6 17. O-O-O Bd7 18. Qf3 Rxf1 19. Rxf1 d4 20. Ng5 f5 21. Rh1 O-O-O
22. gxf5 exf5 23. Nf7 Rg8 24. Rh8 Rxh8 25. Nxh8 a6 26. Nf7 Kb8 27. Qf4+ Ka7 28. Qc7
Be6 29. Nd6  1-0

[Event "5. Bamberg Open B"]
[Site "Bamberg"]
[Date "2023.07.28"]
[Round "4"]
[Board "7"]
[White "Kovalskyy, Alicia"]
[Black "May, Alexander"]
[Result "0-1"]
[WhiteElo "1480"]
[BlackElo "1670"]
[PlyCount "44"]
[EventDate "2023.07.26"]
[EventRounds "7"]
[EventCountry "GER"]

1. e4 c6 2. d4 d5 3. exd5 cxd5 4. Bd3 Nf6 5. h3 Nc6 6. c3 e6 7. Bf4 Bd6 8. Bxd6 Qxd6
9. Nf3 O-O 10. O-O a6 11. Nbd2 b5 12. Nb3 b4 13. Nc5 bxc3 14. bxc3 Nb8 15. Re1 Nbd7
16. Nxd7 Bxd7 17. Ne5 Bb5 18. Re3 Bxd3 19. Rxd3 Rfc8 20. Qc1 Rc7 21. Rg3 Ne4 22.
Re3 f6  0-1

[Event "5. Bamberg Open B"]
[Site "Bamberg"]
[Date "2023.07.28"]
[Round "4"]
[Board "8"]
[White "Roehr, Susanne"]
[Black "Alferova, Emily"]
[Result "1/2-1/2"]
[WhiteElo "1649"]
[BlackElo "1545"]
[PlyCount "48"]
[EventDate "2023.07.26"]
[EventRounds "7"]
[EventCountry "GER"]

1. d4 Nf6 2. c4 e6 3. Nf3 d5 4. Nc3 c6 5. e3 Bd6 6. Bd3 Nbd7 7. O-O O-O 8. a3 dxc4
9. Bxc4 e5 10. Qc2 Qe7 11. e4 exd4 12. Nxd4 Ne5 13. Be2 c5 14. Nf5 Bxf5 15. exf5
Neg4 16. g3 h6 17. Nd5 Nxd5 18. Bxg4 Rfc8 19. Bf3 Nf6 20. Bd2 Qc7 21. Rfe1 Rab8 22.
Rac1 Qd7 23. Bc3 Nh7 24. Bg2 Qc7  1/2-1/2

[Event "5. Bamberg Open B"]
[Site "Bamberg"]
[Date "2023.07.28"]
[Round "4"]
[Board "10"]
[White "Martin Fernandez, Rafael"]
[Black "Fleischer, Christoph"]
[Result "1/2-1/2"]
[WhiteElo "1643"]
[BlackElo "1588"]
[PlyCount "116"]
[EventDate "2023.07.26"]
[EventRounds "7"]
[EventCountry "GER"]

1. d4 d5 2. c4 c6 3. Nc3 Nf6 4. Bg5 e6 5. e3 Nbd7 6. cxd5 exd5 7. Nf3 h6 8. Bf4 Be7
9. Bd3 O-O 10. O-O Re8 11. Qc2 Nf8 12. Rab1 Ne6 13. Be5 Ng4 14. h3 Nxe5 15. Nxe5
Ng5 16. f4 Ne6 17. b4 Nf8 18. Qb3 f6 19. Ng6 Nxg6 20. Bxg6 Rf8 21. b5 Qd6 22. Bd3
Be6 23. Kh1 Qd7 24. f5 Bf7 25. bxc6 bxc6 26. Na4 Bd6 27. Qc2 Bc7 28. Rg1 Qd6 29.
g3 Rfb8 30. Nc5 Bb6 31. Rbc1 Re8 32. Qf2 Re7 33. Kg2 Rae8 34. Rge1 Rb8 35. Re2 Be8
36. Rec2 Bxc5 37. Rxc5 Rb6 38. R1c2 Reb7 39. Rd2 Re7 40. g4 Kf8 41. Re2 Bf7 42. Qg3
Qxg3+ 43. Kxg3 Ke8 44. Kf3 Kd7 45. Rec2 Kd6 46. Re2 Bg8 47. Bc2 Bf7 48. Bb3 Bg8 49.
Rec2 Bf7 50. Ra5 Bg8 51. Rcc5 Bf7 52. Ra3 Rc7 53. Rca5 Rbb7 54. Ra6 Re7 55. R3a5
Rec7 56. Kf4 Re7 57. Ba4 Be8 58. Rc5 Rb6  1/2-1/2

[Event "5. Bamberg Open B"]
[Site "Bamberg"]
[Date "2023.07.28"]
[Round "4"]
[Board "11"]
[White "Averkova, Olena"]
[Black "Vorsilka, Jiri"]
[Result "1-0"]
[WhiteElo "1743"]
[BlackElo "1556"]
[PlyCount "39"]
[EventDate "2023.07.26"]
[EventRounds "7"]
[EventCountry "GER"]

1. e4 c5 2. Nc3 Nc6 3. Bc4 e6 4. d3 a6 5. a4 d6 6. f4 g6 7. Nf3 Bg7 8. O-O Nge7 9.
Qe1 O-O 10. f5 exf5 11. Qh4 fxe4 12. Ng5 h6 13. Nxf7 Rxf7 14. Bxf7+ Kh7 15. dxe4
Nb4 16. Bg5 Nbc6 17. Nd5 Bf8 18. Nxe7 Nxe7 19. Bd5 Rb8 20. Rf7+  1-0

[Event "5. Bamberg Open B"]
[Site "Bamberg"]
[Date "2023.07.28"]
[Round "4"]
[Board "12"]
[White "Koberstein, Simon"]
[Black "Ramming, Moritz"]
[Result "1-0"]
[WhiteElo "1495"]
[BlackElo "1645"]
[PlyCount "55"]
[EventDate "2023.07.26"]
[EventRounds "7"]
[EventCountry "GER"]

1. e4 e6 2. d4 d5 3. Nc3 Nf6 4. e5 Nfd7 5. f4 c5 6. Nf3 Nc6 7. Be3 cxd4 8. Bxd4 Nxd4
9. Qxd4 Bc5 10. Qd2 O-O 11. Bd3 f6 12. O-O-O fxe5 13. fxe5 Be7 14. h4 Nc5 15. Kb1
a6 16. Qe2 Nxd3 17. Qxd3 b5 18. Ng5 Bxg5 19. hxg5 Qxg5 20. Qxh7+ Kf7 21. Rdf1+ Ke8
22. Rxf8+ Kxf8 23. Rf1+ Ke7 24. Qg8 Kd7 25. Nxd5 Qxg2 26. Qf7+ Kc6 27. Qc7+ Kxd5
28. Rd1+  1-0

[Event "5. Bamberg Open B"]
[Site "Bamberg"]
[Date "2023.07.28"]
[Round "4"]
[Board "13"]
[White "Lasschuit, Rene"]
[Black "Bandau, Frank"]
[Result "1/2-1/2"]
[WhiteElo "1612"]
[BlackElo "1750"]
[PlyCount "45"]
[EventDate "2023.07.26"]
[EventRounds "7"]
[EventCountry "GER"]

1. e4 c5 2. Nf3 d6 3. c3 Bg4 4. d4 Qc7 5. Bb5+ Nd7 6. O-O O-O-O 7. a4 Ngf6 8. Re1
e5 9. Na3 Kb8 10. Bd3 d5 11. exd5 Nxd5 12. c4 Nb4 13. d5 a6 14. Nc2 Nxc2 15. Bxc2
f5 16. Bg5 Nf6 17. Qd2 Bxf3 18. gxf3 f4 19. Bxf6 gxf6 20. Kh1 Bd6 21. Bf5 Rc8 22.
Rg1 Qf7 23. Rg7  1/2-1/2